Microsoft access 2000 bible
Αποθηκεύτηκε σε:
| Κύριος συγγραφέας: | |
|---|---|
| Άλλοι συγγραφείς: | |
| Μορφή: | Βιβλίο |
| Γλώσσα: | English |
| Δημοσίευση: |
Foster City, CA :
IDG Books Worldwide,
c1999
|
| Θέματα: | |
| Ετικέτες: |
Προσθήκη ετικέτας
Δεν υπάρχουν, Καταχωρήστε ετικέτα πρώτοι!
|
MARC
| LEADER | 00000nam a2200000 i 4500 | ||
|---|---|---|---|
| 001 | 1/95373 | ||
| 008 | 991206s1999 eng d | ||
| 020 | |a 0-7645-3286-3 | ||
| 035 | |l 10055289 | ||
| 040 | |a GR-MY-UA |b gre |e aacr | ||
| 041 | 0 | |a eng | |
| 082 | 0 | |a 005.7565 | |
| 100 | 1 | |a Prague, Cary N. | |
| 245 | 1 | 0 | |a Microsoft access 2000 bible / |c Cary N. Prague and Michael R. Irwin |
| 260 | |a Foster City, CA : |b IDG Books Worldwide, |c c1999 | ||
| 300 | |a xli, 1221 p. |e 1 computer laser optical disc (4 3/4 in.) | ||
| 300 | |e Microsoft access 2000 bible quick start/Don Roche (23 p.) | ||
| 504 | |a Includes index | ||
| 630 | 0 | 0 | |a Microsoft Access. |
| 650 | 0 | 0 | |a Database management. |
| 700 | 1 | |a Irwin, Michael R. | |
| 852 | |a INST |b CHIOS |e 19991206 |h 005.7565 PRA |p 005200019344 |q 005200019344 |t BK |y 0 | ||
| 852 | |a INST |b CHIOS |e 19991208 |h 005.7565 PRA |p 005200014054 |q 005200014054 |t BK |y 0 | ||
| 852 | |a INST |b CHIOS |e 19991208 |h 005.7565 ROC |p 005200019342 |q 005200019342 |t ENTH |y 0 | ||
| 901 | |a BIBL2-1999-3 | ||
| 909 | |a Χ |b 070827 | ||
| 909 | |a Χ |b 070828 | ||
| 909 | |a Χ |b 070829 | ||
| 922 | |a 2ΕΛΗ |b 199911 |c ΤΔΕ |d ΠΑΠΑΣΩΤΗΡΙΟΥ | ||
| 950 | |a 112-1999-11-03 | ||
| 970 | |a ΣΑΛΑΜΟΥΡΑ |b ΜΑΡΙΑ |z 1999/12/08 | ||